000 00682nam a2200181 a 4500
005 20210223121513.0
008 991125s1963 ea 000 0 eng u
035 _aUPN01000018882
049 _aCG
050 4 _aLB1589 E6.1
_bE3.3
100 1 _aEicholz, Robert E.
_930647
245 1 0 _aElementary school mathematics :
_bprimer /
_cRobert E. Eicho ; colab. Martin, Emerson ; consulting authors Charles F. Brumfiel, Merrill E. Shanks.
260 _aReading [E.U.A.] :
_bAddison-Wesley,
_cc1963.
300 _a72 p. :
_bil. col.
440 0 _aElementary school mathematics series
650 4 _aMATEMATICAS -
_xESTUDIO Y ENSEƑANZA (ELEMENTAL) -
_zESTADOS UNIDOS
_925642
905 _aLibro
999 _c18882
_d18882